| 000 | 00629nam a2200169Ia 4500 | ||
|---|---|---|---|
| 001 | 6648 | ||
| 008 | 260622s9999 xx 000 0 und d | ||
| 020 | _a9948042360 | ||
| 245 | 0 |
_aقصائد مختارة/ _cمحمد محمد الشهاوي |
|
| 260 |
_aالشارقة؛ _bدائرة الثقافة والإعلام؛ _c2005 |
||
| 300 |
_a252p; _c21x14cm |
||
| 520 | _aThe Arabic poem and its critical hurting face and the mistakes of the Arab society after the successive disappointments | ||
| 546 | _aArabic | ||
| 650 |
_aPN1010-1525 Literature- Poetry _92770 |
||
| 651 |
_aLevant _zPalestine فلسطين _99505 |
||
| 942 | _cBK | ||
| 999 |
_c6648 _d6648 |
||